Les 20 villes les plus peuplées de Rhône-Alpes de 1806 à 2023 - Statistiques

Statistiques générales
  • Ce quiz a été pris 93 fois
  • Le résultat moyen est 117 sur 160
Statistiques - réponses
Hint Réponse % Correct
1846 La Croix-Rousse* 19 587
100%
1806 La Guillotière* 5 547
100%
1846 La Guillotière* 34 200
100%
1806 Lyon 102 041
100%
1846 Lyon 177 976
100%
1876 Lyon 344 513
100%
1911 Lyon 526 248
100%
1936 Lyon 574 061
100%
1968 Lyon 527 800
100%
1999 Lyon 445 452
100%
2023 Lyon 519 127
100%
1846 Vaize* 7 822
100%
1806 Grenoble 22 129
99%
1846 Grenoble 27 953
99%
1876 Grenoble 45 426
99%
1911 Grenoble 77 438
99%
1936 Grenoble 95 806
99%
1968 Grenoble 161 616
99%
1999 Grenoble 153 317
99%
2023 Grenoble 156 140
99%
1876 Villeurbanne 9 033
98%
1911 Villeurbanne 42 526
98%
1936 Villeurbanne 81 322
98%
1968 Villeurbanne 119 879
98%
1999 Villeurbanne 124 215
98%
2023 Villeurbanne 163 684
98%
1806 Saint-Étienne 18 035
96%
1846 Saint-Étienne 49 614
96%
1876 Saint-Étienne 134 406
96%
1911 Saint-Étienne 155 652
96%
1936 Saint-Étienne 196 884
96%
1968 Saint-Étienne 223 223
96%
1999 Saint-Étienne 180 210
96%
2023 Saint-Étienne 173 136
96%
1806 Annecy 5 467
94%
1846 Annecy 8 488
94%
1876 Annecy 15 505
94%
1911 Annecy 20 634
94%
1936 Annecy 31 161
94%
1968 Annecy 78 266
94%
1999 Annecy 112 379
94%
2023 Annecy 132 117
94%
1806 Chambéry 11 991
93%
1846 Chambéry 17 164
93%
1876 Chambéry 20 054
93%
1911 Chambéry 24 245
93%
1936 Chambéry 29 961
93%
1968 Chambéry 51 056
93%
1999 Chambéry 55 786
93%
2023 Chambéry 59 964
93%
1806 Valence 8 212
93%
1846 Valence 13 901
93%
1876 Valence 23 220
93%
1911 Valence 28 706
93%
1936 Valence 36 582
93%
1968 Valence 62 358
93%
1999 Valence 64 260
93%
2023 Valence 64 458
93%
1806 Bourg-en-Bresse 7 417
89%
1846 Bourg-en-Bresse 11 794
89%
1876 Bourg-en-Bresse 15 692
89%
1911 Bourg-en-Bresse 20 545
89%
1936 Bourg-en-Bresse 24 746
89%
1968 Bourg-en-Bresse 37 887
89%
1999 Bourg-en-Bresse 40 666
89%
2023 Bourg-en-Bresse 42 372
89%
1936 Vénissieux 16 337
81%
1968 Vénissieux 47 613
81%
1999 Vénissieux 56 061
81%
2023 Vénissieux 65 502
81%
2023 Annemasse 37 628
77%
1806 Vienne 11 188
77%
1846 Vienne 18 610
77%
1876 Vienne 26 111
77%
1911 Vienne 24 346
77%
1936 Vienne 25 436
77%
1968 Vienne 29 057
77%
1968 Bron 41 619
75%
1999 Bron 37 369
75%
2023 Bron 42 982
75%
1806 Montélimar 5 864
75%
1846 Montélimar 9 445
75%
1876 Montélimar 11 946
75%
1911 Montélimar 13 281
75%
1936 Montélimar 15 187
75%
1968 Montélimar 26 748
75%
1999 Montélimar 31 344
75%
2023 Montélimar 40 595
75%
1806 Roanne 7 270
74%
1846 Roanne 12 959
74%
1876 Roanne 22 797
74%
1911 Roanne 36 697
74%
1936 Roanne 41 469
74%
1968 Roanne 53 385
74%
1999 Roanne 38 896
74%
2023 Thonon-les-Bains 37 928
73%
1806 Villefranche-sur-Saône 5 095
73%
1846 Villefranche-sur-Saône 7 083
73%
1876 Villefranche-sur-Saône 12 485
73%
1911 Villefranche-sur-Saône 16 388
73%
1936 Villefranche-sur-Saône 18 891
73%
1968 Villefranche-sur-Saône 26 338
73%
1999 Villefranche-sur-Saône 30 647
73%
1999 Vaulx-en-Velin 39 154
70%
2023 Vaulx-en-Velin 53 069
70%
1999 Saint-Priest 40 974
65%
2023 Saint-Priest 49 229
65%
1999 Échirolles 32 806
60%
2023 Échirolles 37 491
60%
1806 Romans-sur-Isère 6 997
57%
1846 Romans-sur-Isère 9 958
57%
1876 Romans-sur-Isère 12 923
57%
1911 Romans-sur-Isère 17 201
57%
1936 Romans-sur-Isère 19 489
57%
1968 Romans-sur-Isère 31 545
57%
1999 Romans-sur-Isère 32 667
57%
1936 Caluire-et-Cuire 15 760
54%
1968 Caluire-et-Cuire 37 603
54%
1999 Caluire-et-Cuire 41 233
54%
2023 Caluire-et-Cuire 43 597
54%
1806 Saint-Chamond 5 800
54%
1846 Saint-Chamond 8 406
54%
1876 Saint-Chamond 25 961
54%
1911 Saint-Chamond 31 102
54%
1936 Saint-Chamond 32 551
54%
1968 Saint-Chamond 37 728
54%
1999 Saint-Chamond 37 378
54%
1846 Givors 7 446
52%
1876 Givors 12 104
52%
1911 Givors 12 890
52%
1806 Voiron 8 255
49%
1876 Voiron 11 064
49%
1806 Annonay 6 083
48%
1846 Annonay 11 938
48%
1876 Annonay 15 848
48%
1911 Annonay 16 661
48%
1936 Annonay 15 681
48%
1968 Saint-Martin-d'Hères 33 605
48%
1999 Saint-Martin-d'Hères 35 777
48%
2023 Saint-Martin-d'Hères 37 695
48%
2023 Meyzieu 36 687
43%
1806 Montbrison 5 400
42%
1876 Firminy 12 590
40%
1911 Firminy 20 387
40%
1936 Firminy 21 095
40%
1968 Firminy 24 924
40%
1936 Oullins 16 734
37%
1968 Oullins 26 604
37%
2023 Oullins-Pierre-Bénite 38 168
37%
1806 Rive-de-Gier 5 300
32%
1846 Rive-de-Gier 11 911
32%
1876 Rive-de-Gier 15 004
32%
1846 Tarare 9 690
31%
1876 Tarare 14 383
31%
1911 Tarare 12 532
31%
1806 Crest 4 370
11%
1911 Rive-de-Gier 15 663
9%
1806 Condrieu 4 900
6%
1911 Le Chambon-Feugerolles 12 714
6%
1936 Le Chambon-Feugerolles 14 802
6%
Aucun quiz correspondant
Distribution des résultats
% des personnes avec chaque résultat
Percentile par nombre de réponses
Votre historique - résultats
Vous n’avez pas pris ce quiz